[Event "45th Olympiad 2024"]
[Site "Budapest HUN"]
[Date "2024.09.15"]
[Round "5.20"]
[Board "2"]
[White "Stojanovic, Dalibor"]
[Black "Martinovic, Sasa"]
[Result "1/2-1/2"]
[WhiteElo "2448"]
[BlackElo "2563"]
[PlyCount "71"]
[EventDate "2024.09.11"]
[WhiteTeam "Bosnia & Herzegovina"]
[BlackTeam "Croatia"]
[WhiteTeamCountry "BIH"]
[BlackTeamCountry "CRO"]

1. e4 e6 2. d4 d5 3. Nd2 c5 4. Ngf3 cxd4 5. Nxd4 Nc6 6. Bb5 Bd7 7. Nxc6 bxc6 8. Bd3 Bd6 9. Qe2 e5 10. exd5 cxd5 11. c4 Nf6 12. cxd5 O-O 13. O-O Re8 14. Bb5 $146 ({RR} 14. Nc4 Bg4 15. Qe3 Bc7 16. d6 Bxd6 17. Nxd6 Qxd6 18. Bc4 Be6 19. Be2 Nd5 20. Qg3 Nf4 21. Bf3 Rab8 22. b3 a5 23. Rd1 Qc7 24. Be3 Rbd8 25. Rdc1 Qb8 26. h4 h6 27. Rd1 Qb4 28. Kh2 Ng6 {1-0 Martinez Alcantara,J (2612)-Kramnik,V (2753) Clash of Claims 2024 (2)}) 14... Nxd5 15. Bxd7 Qxd7 16. Ne4 Be7 17. Rd1 Qe6 18. Bg5 Rad8 19. Bxe7 Nf4 20. Qf3 Qxe7 21. Rxd8 Rxd8 22. Rd1 h6 23. g3 Ne6 24. Rxd8+ Qxd8 25. Nc3 Qd4 26. Qa8+ Kh7 27. Qe4+ Qxe4 28. Nxe4 f5 29. Nd6 Kg6 30. b4 Kf6 31. b5 Nc5 32. Nc8 a6 33. bxa6 Nxa6 34. Nb6 e4 35. Kf1 g5 36. Ke2 1/2-1/2

[Event "45th Olympiad 2024"]
[Site "Budapest HUN"]
[Date "2024.09.15"]
[Round "5.20"]
[Board "3"]
[White "Livaic, Leon"]
[Black "Burovic, Rijad"]
[Result "1-0"]
[WhiteElo "2550"]
[BlackElo "2426"]
[PlyCount "137"]
[EventDate "2024.09.11"]
[WhiteTeam "Croatia"]
[BlackTeam "Bosnia & Herzegovina"]
[WhiteTeamCountry "CRO"]
[BlackTeamCountry "BIH"]

1. d4 Nf6 2. c4 g6 3. Nc3 Bg7 4. e4 d6 5. h3 O-O 6. Be3 e5 7. d5 Na6 8. g4 Nc5 9. f3 a5 10. Qd2 c6 11. Nge2 a4 12. Nc1 cxd5 13. cxd5 Bd7 ({RR} 13... Qa5 14. Nb5 Rd8 15. Qxa5 Rxa5 16. Na3 Ne8 17. Nd3 Bd7 18. Nc4 Rb5 19. O-O-O Rc8 20. Nxc5 dxc5 21. g5 Rb4 22. Bd2 Rxc4+ 23. Bxc4 Nd6 24. Bf1 Bf8 25. h4 c4 26. Bc3 Bg7 27. Bh3 Bxh3 28. Rxh3 {1-0 Lopez Martinez,J (2453)-Gonzalez Guedes,I (2239) TCh-ESP Rapid 2024 (6.9)}) 14. Nd3 Nxd3+ 15. Bxd3 Qa5 16. Ne2 $146 ({RR} 16. a3 Rfc8 17. O-O-O b5 18. Kb1 b4 19. Na2 bxa3 20. Qxa5 Rxa5 21. bxa3 Bb5 22. Rh2 Rb8 23. Rb2 Nxd5 24. Bc1 Bxd3+ 25. Rxd3 Rxb2+ 26. Bxb2 Nf4 27. Rxd6 h5 28. h4 Ng2 29. gxh5 gxh5 30. Rd8+ Kh7 {0-1 Ouellet,M (2243)-Xu,D (2276) CAN Transnational Classic 2023 (7.24)}) ({RR} 16. a3 Rfc8 17. Na2 Ne8 18. Qxa5 Rxa5 19. Ke2 Bf6 20. Rac1 Raa8 21. Rxc8 Rxc8 22. Rc1 Rxc1 23. Bxc1 Nc7 24. Nc3 h6 25. Bxh6 g5 26. h4 gxh4 27. Kf2 Be7 28. Be3 Kf8 29. Kg2 Ke8 30. Kh3 Bf6 {1-0 Krejci,J (2514)-Stalmach,R (2434) TCh-CZE 1 Liga Vychod 2022 (7.4)}) 16... Rfc8 17. Qxa5 Rxa5 18. Kd2 Ne8 19. Rhc1 Rxc1 20. Rxc1 Bf6 21. Bb6 Ra8 22. Rc2 h5 23. Nc3 hxg4 24. hxg4 Bg5+ 25. Be3 Bxe3+ 26. Kxe3 Ra5 27. Nb1 Kf8 28. Kd2 b5 29. g5 Ra7 30. Nc3 Nc7 31. Ke3 Rb7 32. Ne2 Na6 33. Rc1 Nc5 34. f4 exf4+ 35. Nxf4 Ke7 36. Rh1 Be8 37. Kd4 Nd7 38. Be2 Ne5 39. Nd3 Nxd3 40. Bxd3 b4 41. e5 Bb5 42. Bxb5 Rxb5 43. Rc1 Kd7 44. exd6 Kxd6 45. Rc6+ Kd7 46. Ra6 a3 47. b3 Rb8 48. Kc5 Rc8+ 49. Kxb4 Rc2 50. Rxa3 Kd6 51. Ra7 Rf2 52. a4 Kxd5 53. Rc7 Kd6 54. Rc1 f6 55. gxf6 Rxf6 56. a5 Rf8 57. Rg1 Rf6 58. Ka4 Kc6 59. b4 Kb7 60. Rg4 Re6 61. Rf4 Re7 62. Rf6 Rg7 63. a6+ Ka8 64. Ka5 Rg8 65. b5 g5 66. b6 g4 67. a7 Kb7 68. Rf7+ Kc6 69. b7 1-0

[Event "45th Olympiad 2024"]
[Site "Budapest HUN"]
[Date "2024.09.15"]
[Round "5.20"]
[Board "4"]
[White "Culum, Sanjin"]
[Black "Stevic, Hrvoje"]
[Result "1/2-1/2"]
[WhiteElo "2409"]
[BlackElo "2531"]
[PlyCount "81"]
[EventDate "2024.09.11"]
[WhiteTeam "Bosnia & Herzegovina"]
[BlackTeam "Croatia"]
[WhiteTeamCountry "BIH"]
[BlackTeamCountry "CRO"]

1. e4 c5 2. Nf3 e6 3. d4 cxd4 4. Nxd4 Nc6 5. Nc3 a6 6. Be2 Qc7 7. Nxc6 bxc6 8. Qd3 d5 9. Qg3 Qxg3 10. hxg3 Nf6 11. g4 ({RR} 11. f3 a5 12. g4 Ba6 13. g5 Nd7 14. Bxa6 Rxa6 15. Ke2 a4 16. Bd2 h5 17. gxh6 gxh6 18. b3 Bg7 19. Rac1 axb3 20. axb3 Rg8 21. g4 Bxc3 22. Bxc3 dxe4 23. Rxh6 exf3+ 24. Kxf3 Ra2 25. Rh5 Ke7 {½-½ Grischuk,A (2778)-Nepomniachtchi,I (2792) Zagreb GCT Blitz 2021 (7)}) 11... Bb7 12. exd5 $146 ({RR} 12. a4 Be7 13. g5 Nxe4 14. Nxe4 dxe4 15. Be3 O-O-O 16. Bc4 h6 17. gxh6 gxh6 18. Rxh6 Rxh6 19. Bxh6 Rh8 20. Be3 Rh1+ 21. Bf1 Bd6 22. O-O-O c5 23. Rxd6 Rxf1+ 24. Kd2 Kc7 25. Bxc5 Rxf2+ 26. Bxf2 Kxd6 {½-½ Muzychuk,A (2534)-Lei,T (2535) Women Candidates Pool A 2022 (2.3)}) ({RR} 12. g5 Nxe4 13. Nxe4 dxe4 14. Rh4 c5 15. Be3 Rd8 16. Bc4 Be7 17. Ke2 Bd5 18. Bxa6 Rb8 19. b3 f5 20. c4 Bc6 21. Rah1 Ra8 22. Bb5 Rxa2+ 23. Kd1 Bxb5 24. cxb5 Kf7 25. Rxh7 Ra1+ {0-1 Poupalos,N (2274)-Kourkoulos Arditis,S (2547) Piraeus GM Jan 2024 (6.2)}) ({RR} 12. g5 Nxe4 13. Nxe4 dxe4 14. Rh4 c5 15. Be3 Rd8 16. Bc4 Be7 17. Ke2 Bd5 18. Bxa6 Rb8 19. a4 Rxb2 20. Bb5+ Kd8 21. Kd1 Kc7 22. Bc1 Rb4 23. c3 Rb3 24. c4 Ba8 25. Kc2 Rd3 26. Be3 Bd6 {0-1 Sankalp,G (2518)-Sethuraman,S (2598) Qatar Masters Open 2023 (7.15)}) 12... cxd5 13. g5 Nd7 14. Be3 Bc5 15. Bxc5 Nxc5 16. O-O-O O-O 17. Rd4 f6 18. gxf6 gxf6 19. Bf3 Rac8 20. Re1 Rc7 21. Bg4 f5 22. Bh3 Rf6 23. f3 Rh6 24. Na4 Nd7 25. f4 Kf7 26. Rb4 Rh4 27. Nc3 Nf6 28. Kd2 Bc8 29. Ra4 Rc6 30. Rd4 Rb6 31. b4 Ne8 32. Na4 Rc6 33. Nc5 Nd6 34. a4 Kf6 35. c3 Rc7 36. Rf1 Rg7 37. Rb1 Rc7 38. Rf1 Rg7 39. Rb1 Rc7 40. Re1 Rg7 41. Rb1 1/2-1/2

[Event "45th Olympiad 2024"]
[Site "Budapest HUN"]
[Date "2024.09.15"]
[Round "5.21"]
[Board "1"]
[White "Vocaturo, Daniele"]
[Black "Bachmann, Axel"]
[Result "1/2-1/2"]
[WhiteElo "2600"]
[BlackElo "2560"]
[PlyCount "103"]
[EventDate "2024.09.11"]
[WhiteTeam "Italy"]
[BlackTeam "Paraguay"]
[WhiteTeamCountry "ITA"]
[BlackTeamCountry "PAR"]

1. e4 c5 2. Nf3 Nc6 3. Nc3 g6 4. d4 cxd4 5. Nxd4 Bg7 6. Be3 Nf6 7. Bc4 Qa5 8. O-O O-O 9. Bb3 d6 10. h3 Bd7 11. Nf3 ({RR} 11. Qe1 Rfe8 12. Rd1 Nxd4 13. Bxd4 Bc6 14. f4 Nd7 15. Bxg7 Kxg7 16. Kh2 Rac8 17. Qh4 h6 18. Nd5 e6 19. Nc3 Nf6 20. Qe1 {½-½ Nisipeanu,L (2695)-Carlsen,M (2646) Sarajevo Bosnia-A 36th 2006 (2)}) 11... b5 12. a3 Rab8 $146 ({RR} 12... Rfc8 13. Qe2 Rab8 14. Rfd1 Be8 15. Bd2 Qb6 16. Nd5 Nxd5 17. exd5 Ne5 18. Nxe5 Bxe5 19. Be3 Qb7 20. Bd4 f6 21. c3 Bf7 22. Qe3 a5 23. f4 Bxd4 24. Rxd4 Kg7 25. Re1 Rc7 26. Kh2 Re8 27. Qd2 {½-½ Kollars,D (2500)-Sica,M (2178) Wch U18 Montevideo 2017 (1)}) ({RR} 12... Rac8 13. Re1 a6 14. Qd2 Qd8 15. Bh6 Na5 16. Rad1 Nxb3 17. cxb3 Be6 18. Nd5 Nxd5 19. exd5 Bf5 20. Bxg7 Kxg7 21. Nd4 Qd7 22. Re3 e5 23. dxe6 Bxe6 24. Nxe6+ fxe6 25. Qd4+ Rf6 26. g4 h6 27. Qxd6 {1-0 Klymchuk,A (2405)-Namitbir,S (2408) Titled Tue 2nd Jan Early 2024 (1)}) ({RR} 12... a6 13. Qe2 Rfc8 14. Rad1 Qc7 15. Bg5 Qa7 16. Rfe1 h6 17. Bxf6 Bxf6 18. e5 Bxe5 19. Nxe5 Nxe5 20. Qd2 Kg7 21. Rxe5 dxe5 22. Qxd7 Qxd7 23. Rxd7 Kf8 24. Rd5 f6 25. Kf1 Rd8 26. Ke2 Rxd5 27. Nxd5 {½-½ Knuedel,T (2135)-Garbuz,V (2182) Youth District Germany 2018 (3.3)}) 13. Re1 Qd8 14. Qd2 Rb7 15. Bh6 Na5 16. Bxg7 Kxg7 17. Nd5 Nxb3 18. cxb3 e5 19. Rad1 Ne8 20. Nh2 Be6 21. Ng4 Qh4 22. Nge3 Kh8 23. f3 f5 24. Nf1 Rbf7 25. b4 a6 26. Nc3 Kg8 27. Qf2 Qg5 28. exf5 Bxf5 29. Ng3 Bxh3 30. Nce4 Qh4 31. Nxd6 Nxd6 32. Rxd6 Bg4 33. Ne4 Qe7 34. Rd2 Bc8 35. Nd6 Rf4 36. Qc5 Qh4 37. Qxe5 Bd7 38. Ree2 Bc6 39. Qe6+ Kh8 40. Qe5+ Kg8 41. Nc8 Rc4 42. Rd1 Qf6 43. Ne7+ Kg7 44. Nxc6 Rxc6 45. Rd7+ Rf7 46. Rxf7+ Kxf7 47. Qe8+ Kg7 48. Qe7+ Qf7 49. Qe5+ Qf6 50. Kf2 h5 51. Qe7+ Qxe7 52. Rxe7+ 1/2-1/2

[Event "45th Olympiad 2024"]
[Site "Budapest HUN"]
[Date "2024.09.15"]
[Round "5.21"]
[Board "2"]
[White "Delgado Ramirez, Neuris"]
[Black "Lodici, Lorenzo"]
[Result "1-0"]
[WhiteElo "2484"]
[BlackElo "2556"]
[PlyCount "75"]
[EventDate "2024.09.11"]
[WhiteTeam "Paraguay"]
[BlackTeam "Italy"]
[WhiteTeamCountry "PAR"]
[BlackTeamCountry "ITA"]

1. e4 e5 2. Nf3 Nc6 3. Bc4 Nf6 4. d3 Bc5 5. Be3 Bxe3 6. fxe3 Qe7 7. a4 d6 8. O-O Be6 9. Bxe6 Qxe6 10. a5 d5 $146 ({RR} 10... a6 11. c4 Ne7 12. Nc3 c6 13. Nh4 O-O 14. Qf3 d5 15. exd5 cxd5 16. cxd5 Nfxd5 17. Nxd5 Qxd5 18. Nf5 Qd7 19. Rac1 Nxf5 20. Qxf5 Qxf5 21. Rxf5 f6 22. Rc7 Rf7 23. Rc3 Rd8 24. Kf2 Rfd7 25. Ke2 {1-0 Paravyan,D (2653)-Nasuta,G (2535) Titled Tuesday intern op 03rd Nov blitz 2020 (3)}) 11. Nc3 h6 12. exd5 Nxd5 13. Nxd5 Qxd5 14. a6 b5 15. c4 bxc4 16. Qa4 O-O 17. Rfc1 Qd6 18. Rxc4 Ne7 19. Qa3 f6 20. e4 Qb6+ 21. Kf1 Rf7 22. Rb4 Qe6 23. Rc1 Nc6 24. Rbc4 Nb8 25. Nh4 Nxa6 26. Rc6 Qg4 27. Nf3 Nb8 28. Rxc7 Nd7 29. Qa2 Raf8 30. Rxa7 Kh8 31. Rcc7 f5 32. Rxd7 Rxd7 33. Rxd7 fxe4 34. Qa4 Qf4 35. Qxe4 Qxh2 36. Qg4 Qh1+ 37. Ke2 Rg8 38. Nxe5 1-0

[Event "45th Olympiad 2024"]
[Site "Budapest HUN"]
[Date "2024.09.15"]
[Round "5.21"]
[Board "3"]
[White "Moroni, Luca Jr"]
[Black "Cubas, Jose Fernando"]
[Result "1-0"]
[WhiteElo "2558"]
[BlackElo "2417"]
[PlyCount "73"]
[EventDate "2024.09.11"]
[WhiteTeam "Italy"]
[BlackTeam "Paraguay"]
[WhiteTeamCountry "ITA"]
[BlackTeamCountry "PAR"]

1. d4 d5 2. c4 c6 3. Nc3 Nf6 4. e3 e6 5. Nf3 Nbd7 6. Be2 Bd6 7. O-O O-O 8. b3 Qe7 9. Bb2 Re8 ({RR} 9... Ba3 10. Bxa3 Qxa3 11. Bd3 Qd6 12. e4 dxe4 13. Nxe4 Nxe4 14. Bxe4 Nf6 15. c5 Qf4 16. Bd3 Rd8 17. Qe2 Nd5 18. g3 Qf6 19. Rac1 a5 20. a3 Bd7 21. Ne5 Be8 22. Rfd1 Nc7 23. a4 Nd5 24. Be4 {1-0 Esipenko,A (2723)-Murzin,V (2532) Titled Tuesday intern op 12th Apr Early blitz 2022 (10)}) ({RR} 9... dxc4 10. Bxc4 e5 11. d5 e4 12. Ne1 Nb6 13. dxc6 Bxh2+ 14. Kxh2 Ng4+ 15. Kg3 Qe5+ 16. f4 exf3+ 17. Kh4 Qh2+ 18. Kg5 h6# {0-1 Zienkiewicz,J (2302)-Haydon,D (2283) Titled Tue 6th Aug Late 2024 (2)}) 10. Re1 dxc4 11. bxc4 e5 12. c5 $146 ({RR} 12. h3 b6 13. Qb3 e4 14. Nd2 Nf8 15. a4 Bb4 16. Ba3 a5 17. Reb1 c5 18. Bxb4 axb4 19. Nb5 Ng6 20. Bf1 Rd8 21. d5 Nh4 22. Qd1 Qe5 23. g3 Nf5 24. Bg2 Nd6 25. Nxd6 Rxd6 26. Ra2 Bd7 {1-0 Postlmayer,J (2365)-Mikhailovsky,V (2215) Titled Tue 12th Dec Early 2023 (2)}) ({RR} 12. Bf1 e4 13. Nd2 Nf8 14. f3 Qc7 15. f4 b6 16. a4 g5 17. g3 h6 18. Bg2 Bf5 19. Ba3 Bxa3 20. Rxa3 gxf4 21. gxf4 Ng6 22. Nf1 Nh4 23. Ng3 Qd7 24. Nxf5 Qxf5 25. Ne2 Kh8 26. Ng3 Qe6 {0-1 Jusupov,T (2092)-Benza,A (2335) Nezhmetdinov Memorial 30th 2008 (6)}) 12... Bc7 13. Bc4 b5 14. Bb3 b4 15. Na4 e4 16. Nd2 Nf8 17. f3 Be6 18. Bc2 Bd5 19. a3 a5 20. fxe4 Nxe4 21. Nxe4 Bxe4 22. Bxe4 Qxe4 23. Qf3 Rab8 24. axb4 axb4 25. Qxe4 Rxe4 26. Bc1 Nd7 27. Nb2 Nf6 28. Nc4 Nd5 29. Ra6 f5 30. Rxc6 b3 31. g3 Re7 32. Bd2 Ra8 33. Rb1 Ra4 34. Nb6 Bxb6 35. cxb6 Ra2 36. Rxb3 Nxb6 37. Bb4 1-0

[Event "45th Olympiad 2024"]
[Site "Budapest HUN"]
[Date "2024.09.15"]
[Round "5.21"]
[Board "4"]
[White "Almiron, Antonio"]
[Black "Brunello, Sabino"]
[Result "0-1"]
[WhiteElo "2312"]
[BlackElo "2511"]
[PlyCount "132"]
[EventDate "2024.09.11"]
[WhiteTeam "Paraguay"]
[BlackTeam "Italy"]
[WhiteTeamCountry "PAR"]
[BlackTeamCountry "ITA"]

1. e4 c6 2. d4 d5 3. e5 Bf5 4. Nf3 e6 5. Be2 Ne7 6. c3 Nd7 7. O-O Ng6 8. Ne1 ({RR} 8. a4 f6 9. Re1 fxe5 10. Nxe5 Ngxe5 11. dxe5 a6 12. Nd2 Bc5 13. Nb3 Ba7 14. Bh5+ g6 15. Bf3 O-O 16. Nd4 c5 17. Nxf5 gxf5 18. c4 d4 19. Bxb7 Rb8 20. Bxa6 Qc7 21. Ra3 Rf7 22. Bb5 Rg7 {1-0 Goryachkina,A (2545)-Asensio Ramos,E (2215) Titled Tue 9th Jul Early 2024 (7)}) 8... f6 9. f4 fxe5 10. fxe5 c5 $146 ({RR} 10... Be7 11. Nd2 Bg5 12. g4 Bxd2 13. gxf5 Bxc1 14. Qxc1 exf5 15. Rxf5 Qe7 16. Ng2 O-O-O 17. Qg5 Rdf8 18. Raf1 Rxf5 19. Rxf5 Rf8 20. Rxf8+ Ndxf8 21. Bg4+ Kc7 22. Qxe7+ Nxe7 23. h4 Kd8 24. Kf2 Ke8 25. h5 {1-0 Yu,Y (2760)-Margvelashvili,G (2530) PRO League Stage rapid 2018 (9)}) ({RR} 10... Qb6 11. Qb3 Ne7 12. Be3 Bg6 13. Bf2 Nf5 14. g4 Nh6 15. Nd2 Be7 16. Be3 Bf7 17. Ng2 O-O 18. h3 Be8 19. Nf3 Nf7 20. Qc2 Nh8 21. Nf4 Bg6 22. Qd2 c5 23. c4 Be4 24. cxd5 exd5 25. dxc5 {1-0 Baklan,V (2647)-Pantsulaia,L (2617) EU-ch 9th Plovdiv 2008 (9)}) ({RR} 10... Be7 11. g4 Bxb1 12. Rxb1 Bg5 13. Ng2 Rf8 14. Bd3 Rxf1+ 15. Qxf1 Ndf8 16. b4 Qe7 17. a4 O-O-O 18. b5 Bxc1 19. bxc6 b6 20. Qxc1 Nh4 21. a5 Nxg2 22. axb6 axb6 23. Rxb6 Qh4 24. Qb2 Nd7 25. Rb8+ {1-0 Wagner,D (2581)-Novik,M (2434) Titled Tuesday intern op 23rd Feb blitz 2021 (5)}) 11. Be3 Be7 12. Bd3 cxd4 13. cxd4 Nh4 14. Nc3 O-O 15. g3 Bxd3 16. Rxf8+ Nxf8 17. Qxd3 Nf5 18. Bf2 Rc8 19. Rc1 Qd7 20. Rc2 Bb4 21. Qb5 Bxc3 22. Qxd7 Nxd7 23. Rxc3 Rxc3 24. bxc3 Nb6 25. Nc2 Kf7 26. Kf1 Nc4 27. Ke2 Ne7 28. Ne3 Nxe3 29. Bxe3 Nc8 30. g4 Nb6 31. Kd3 Ke8 32. Kc2 Kd7 33. Kb3 Kc6 34. Bg5 Nc4 35. Kb4 Nb2 36. Be3 Kb6 37. Kb3 Nc4 38. Bg5 Kb5 39. a4+ Kc6 40. h3 b5 41. Bd8 bxa4+ 42. Kxa4 Nd2 43. Kb4 Ne4 44. Bh4 g6 45. Be1 Ng5 46. Bd2 Nxh3 47. Be3 g5 48. Ka5 Kb7 49. Kb5 Nf4 50. Kc5 Kc7 51. Kb5 h6 52. Ka6 Kb8 53. Kb5 Kb7 54. Kc5 Kc7 55. Kb5 Ne2 56. Bd2 Nf4 57. Ka6 Kb8 58. Bc1 Nd3 59. Be3 Nb2 60. Kb5 Kb7 61. Kc5 Kc7 62. Bd2 Nc4 63. Bc1 a6 64. Kb4 Kb6 65. Ka4 a5 66. Kb3 Kb5 0-1

[Event "45th Olympiad 2024"]
[Site "Budapest HUN"]
[Date "2024.09.15"]
[Round "5.22"]
[Board "1"]
[White "Pultinevicius, Paulius"]
[Black "Henderson de La Fuente, Lance"]
[Result "1-0"]
[WhiteElo "2587"]
[BlackElo "2519"]
[PlyCount "99"]
[EventDate "2024.09.11"]
[WhiteTeam "Lithuania"]
[BlackTeam "Andorra"]
[WhiteTeamCountry "LTU"]
[BlackTeamCountry "AND"]

1. d4 {Krasenkow,Michal} d5 2. c4 e6 3. Nc3 c6 4. e4 dxe4 5. Nxe4 Bb4+ 6. Bd2 Qxd4 7. Bxb4 Qxe4+ 8. Ne2 Na6 ({RR} 8... Nd7) 9. Bf8 Ne7 10. Bxg7 Nb4 11. Qd6 ({RR} 11. Bxh8 e5) 11... Nd3+ 12. Kd2 Nf5 13. Qxd3 Qxd3+ 14. Kxd3 Nxg7 15. Kc3 ({RR} 15. Ng3 c5 ({RR} 15... b6 16. c5 Ke7 17. Kc3 Rd8 18. f4 bxc5 19. Re1 Ne8 20. Ne4 Nf6 21. Nxf6 Kxf6 22. Bd3 h6 23. Re5 Rd5 24. Rhe1 Bb7 25. Bc4) 16. Be2 b6 17. Bf3 Rb8 18. Kc3 ({RR} 18. Rad1 Bb7 19. Bxb7 Rxb7 20. Ke4 h5 21. h4 Rh6 22. f4 Rg6 23. Kf3 Rd7) 18... Bb7 19. Bxb7 Rxb7 20. Rad1 Ke7 21. Rhe1 Rbb8 22. a3 Rhd8 23. Rxd8 Rxd8 24. b4 Rc8 25. Ne4 cxb4+ 26. axb4 Ne8 27. f4 Nc7 28. Kb3 Rd8) 15... h5 $146 ({RR} 15... c5 16. g3 b6 ({RR} 16... b6 17. Bg2 Rb8 18. Rhd1 Bb7 19. Bxb7 Rxb7 20. Rd3 Rd7 21. Rad1 Rxd3+ 22. Rxd3 Ke7 23. Kc2 Rb8 24. Ra3 Rb7 25. g4 h5 26. gxh5 Nxh5 27. Nc3 Nf6 28. h3 Nd7 29. Nb5 a5) 17. Bg2 Rb8 18. Rhd1 Bb7 19. Bxb7 Rxb7 20. Rd3 Rd7 21. Rad1 Rxd3+ 22. Rxd3 Ke7 23. Kc2 Rb8 24. Ra3 Rb7 25. g4 h5 26. gxh5 Nxh5 27. Nc3 Nf6 28. h3 Nd7 29. Nb5 a5 30. Rg3 {½-½ Vaisser,A (2580)-Flear,G (2495) San Sebastian op rapid 1992}) ({RR} 15... b6 16. g4 ({RR} 16. g3 Bb7 17. Bg2 O-O-O 18. Rhd1 c5 19. Bxb7+ Kxb7 20. Ng1 Nf5 21. Nf3 f6 22. Rd2 e5 23. Re1 Nd4 24. Nxd4 Rxd4 25. Rxd4 cxd4+ 26. Kd3 Kc6 27. f4 Kd6 28. fxe5+ fxe5 29. Rf1 Ke6) ({RR} 16. c5 Nh5) 16... Bb7 17. Bg2 O-O-O 18. Rad1 h5 19. g5 c5 20. Bxb7+ Kxb7 21. Nf4 Nf5 22. Rxd8 Rxd8 23. Nxh5 Rg8 24. h4 ({RR} 24. f4 Rh8 25. Nf6 ({RR} 25. Ng3) 25... Rh3+) ({RR} 24. Rg1 Rh8 25. Ng3 Rxh2 26. Nxf5 exf5 27. Re1 Rxf2 28. Re7+ Kc6 29. Rxf7 Rf3+ 30. Kd2 Rg3 31. Rxf5 Kd6 32. Rd5+ Ke6 33. Kc2 Rg2+ 34. Kb3 Rg3+ 35. Ka4 Rg2 36. Ka3 Rg3+ 37. Ka4 Rg2 38. Ka3 Rg3+) 24... Rh8 25. Ng3 Rxh4 26. Rxh4 Nxh4 27. Ne4 Kc6 28. Kd3 Ng6 29. Ke3 Ne5 30. b3 {½-½ Wojtaszek,R (2733)-Giri,A (2750) Biel Suri Memorial 2014 (8)}) ({RR} 15... e5 16. Re1 O-O 17. f4 Re8 ({RR} 17... e4 18. Nd4 f5) 18. Ng3 exf4 19. Rxe8+ Nxe8 20. Nh5 Bf5 21. Be2 Nd6 22. Bf3 Bg6 23. Nxf4 Ne4+ 24. Bxe4 Bxe4 25. Rd1) ({RR} 15... Bd7 16. c5 ({RR} 16. Ng3 O-O-O 17. Ne4) 16... e5 17. Ng3 Ne6 18. Ne4 Ke7 19. Bc4 f5 20. Bxe6 Bxe6 21. Nd6 b6) ({RR} 15... Ke7 16. Re1 ({RR} 16. Ng3 c5 17. Bd3 b6 18. Be4 Rb8 19. Rhe1 Bb7 20. Rad1 Bxe4 21. Rxe4 f5 22. Ree1 Rbd8 23. b4 Rxd1 24. Rxd1 Rc8 25. b5 Ne8 26. Nh5 Rd8) 16... Bd7 17. g3 Rad8 18. Bg2 f6 19. f4 h5 20. Nc1 Be8 21. b4 Bg6) ({RR} 15... c5 16. g3 Bd7 17. Bg2 O-O-O 18. Rad1 ({RR} 18. Rab1 e5 19. Rhe1) 18... Kc7 19. Nf4 Bc6 20. Bxc6 Kxc6 21. Nd3 f6 22. Rhe1 Rd6 23. Nf4 Rhd8 24. Rxd6+ Rxd6 25. a3 a6 26. b4 b5 27. Nd3 cxb4+ 28. axb4 bxc4 29. Kxc4 Ne8 30. Nc5) ({RR} 15... Ke7 16. Re1 Bd7 17. g3 Rad8 18. Bg2 f6 19. f4 h5 20. Nc1 Be8 21. b4 Bg6 22. a4 h4 23. Bf3 Nf5 24. g4 Nd4 25. Bd1 Kf7 26. Re3 Rd7 27. c5 Rhd8 28. Rhe1 Kg7 29. Kb2 Rd5 30. Rc3 {½-½ Aleksandrov,A (2617)-Zhigalko,S (2668) BLR-ch 76th Minsk 2010 (8)}) ({RR} 15... c5 16. g3 b6 17. Bg2 Rb8 18. Nf4 Bb7 19. Bxb7 Rxb7 20. Rhe1 Kd7 21. Rad1+ Kc8 22. a3 Rd8 23. Rxd8+ Kxd8 24. g4 Rd7 25. Nd3 Rd4 26. f3 h5 27. h3 hxg4 28. hxg4 Rd6 29. Rh1 f6 30. Rh8+ {½-½ Navara,D (2739)-Flear,G (2439) FRA-chT Top 12 2017 (2.1)}) 16. h4 Bd7 17. Ng3 c5 18. Ne4 b6 19. Nf6+ Ke7 20. Nxd7 Kxd7 21. Bd3 Ke7 22. a3 Nf5 23. Bxf5 exf5 24. g3 Rad8 25. b4 f4 26. Rhe1+ Kf6 27. Re4 fxg3 28. Rf4+ Kg6 29. Rg1 f6 30. bxc5 bxc5 31. Rxg3+ Kf7 32. Rf5 Rd4 33. Rh3 Re8 34. Rxh5 Rf4 35. Rxc5 Rxf2 36. Rc7+ Kg6 37. Rxa7 Re1 38. Ra5 Rc1+ 39. Kb4 Rf4 40. Rc5 Rf2 41. h5+ Kh6 42. Rg3 Rb1+ 43. Ka5 Rb7 44. Rb5 Rf7 45. Rc3 f5 46. c5 Re2 47. c6 Ree7 48. Kb6 Re6 49. Rcc5 Ref6 50. Rxf5 1-0

[Event "45th Olympiad 2024"]
[Site "Budapest HUN"]
[Date "2024.09.15"]
[Round "5.22"]
[Board "2"]
[White "Fluvia Poyatos, Jordi"]
[Black "Kazakouski, Valery"]
[Result "1/2-1/2"]
[WhiteElo "2438"]
[BlackElo "2577"]
[PlyCount "86"]
[EventDate "2024.09.11"]
[WhiteTeam "Andorra"]
[BlackTeam "Lithuania"]
[WhiteTeamCountry "AND"]
[BlackTeamCountry "LTU"]

1. e4 c6 2. d4 d5 3. e5 Bf5 4. Nf3 e6 5. Be2 Nd7 6. O-O a5 7. Nc3 ({RR} 7. c3 a4 8. Nbd2 h6 9. Ne1 h5 10. Ndf3 Be7 11. Bd3 Nh6 12. Bxh6 Rxh6 13. Bxf5 exf5 14. Qc2 f4 15. Qf5 g5 16. h4 gxh4 17. Nd3 Nf8 18. Nxf4 Qd7 19. e6 fxe6 20. Qh3 Bd6 21. Nd3 O-O-O {0-1 Giri,A (2768)-Deac,B (2700) Superbet Blitz 2023 (5.2)}) 7... Bg6 8. Bd2 $146 ({RR} 8. Rb1 Ne7 9. Bf4 Nf5 10. Bd3 Be7 11. h3 O-O 12. Ne2 c5 13. c3 b5 14. g4 Nh4 15. Nxh4 Bxh4 16. Bxg6 hxg6 17. Be3 b4 18. f4 Be7 19. f5 exf5 20. gxf5 gxf5 21. Ng3 Ra6 22. Nxf5 Rg6+ {1-0 Nasuta,G (2563)-Fedoseev,V (2690) Titled Tue 23rd Jan Late 2024 (2)}) ({RR} 8. Bg5 Be7 9. Bf4 h5 10. Ne1 h4 11. Bg4 Nf8 12. Nd3 Bf5 13. h3 g5 14. Be3 Nh6 15. f3 Bg6 16. a4 Nf5 17. Bf2 Nd7 18. Ne2 b6 19. f4 Nh6 20. Bf3 Be4 21. Nc3 Bxf3 22. Qxf3 Nf5 {½-½ Park,E (2352)-Piorun,K (2603) 25th Sants Open 2024 (9.7)}) ({RR} 8. Bd3 Ne7 9. Bxg6 Nxg6 10. Ne2 a4 11. g3 Be7 12. h4 h6 13. h5 Ngf8 14. Be3 Nh7 15. Qd3 Qb6 16. b3 Qa6 17. c4 O-O 18. Qc2 Rfc8 19. c5 axb3 20. axb3 Qxa1 21. Rxa1 Rxa1+ 22. Kg2 b6 {1-0 Suleymanli,A (2620)-Lopez Martinez,J (2453) TCh-ESP Div 1 2024 (2.2)}) 8... Ne7 9. Bd3 Bxd3 10. cxd3 Nf5 11. Rc1 h5 12. Qb3 Qb6 13. Qxb6 Nxb6 14. Nd1 Be7 15. Ne3 Nh6 16. h4 Nd7 17. g3 a4 18. Rc2 f6 19. Ng2 Kf7 20. Re1 Nf5 21. Ne3 Nxe3 22. Bxe3 fxe5 23. Nxe5+ Nxe5 24. dxe5 Ra5 25. f4 c5 26. Kf2 b6 27. Kf3 Rc8 28. Rec1 Ke8 29. g4 hxg4+ 30. Kxg4 g6 31. Rh1 Kd7 32. h5 gxh5+ 33. Rxh5 Rg8+ 34. Kf3 Raa8 35. Rh7 d4 36. Bf2 Rh8 37. Rxh8 Rxh8 38. Bg3 Kc6 39. Rh2 Rxh2 40. Bxh2 Bh4 41. Bg3 Bxg3 42. Kxg3 Kd7 43. b3 axb3 1/2-1/2